Responses for Show #8728 - Wednesday, October 26, 2022

2022 Second Chance competition week 2, semifinal game 3.

Contestants

[<< previous game]

Rowan Ward, a chart caller, writer, and editor from Chicago, Illinois

Do Park, a sportswriter from Minneapolis, Minnesota

Nikkee Porcaro, an educational consultant and business owner from Silver Spring, Maryland

[next game >>]

Jeopardy! Round responses

QUICK LIT
THE NUMBER IN MUSIC
PEAKS & VALLEYS
SNAP CHAT
BIRDS WITHIN WORDS
(Ken: The correct responses within the text of each clue.)
HIDDEN BRAIN PODCAST
(Shankar: I'm Shankar Vedantam with clues about my podcast Hidden Brain; we reveal the unconscious patterns in human behavior, perhaps even yours.)
    $200 20
Don Quixote

Do
    $200 19
2Pac

rowan
    $200 12
the Alps

Do
    $200 30
snapshot

rowan
    $200 28
the raven (in braveness)

Do
    $200 24
ostrich

rowan
    $400 13
the albatross

rowan
    $400 18
(Ken: Of OutKast, right.)

André 3000

rowan
    $400 11
Mexico

Do
    $400 29
Justin Trudeau

rowan
    $400 27
an owl (in knowledge)

rowan
    $400 23
narcissism

rowan
    $1,000 1
(Nikkee: Who... is...)
...
(Ken: Alas, alas poor Nikkee, you didn't remember, [*].)

Yorick

Nikkee
    $600 17
99

rowan
    $600 10
(Do: What are... Volcanoes?)

Smokes

Do
Triple Stumper
    $600 21
a snapping turtle

rowan
    $600 26
a rook (in Brooklyn)

rowan
    $600 22
resolutions

rowan
    $800 2
Warrior

Triple Stumper
    $800 16
Three 6 Mafia

rowan
    $800 9
Turkey

Do
    $800 3
ginger snaps

Do
    $800 25
a coot (in scooter)

rowan
    $800 5
grief

rowan
    $1000 8
[Do says "A" instead of "One".]

One Hundred Years of Solitude

Do
    $1000 7
2 Chainz

Triple Stumper
    $1000 4
Tennessee Valley

Nikkee
    $1000 6
(Do: What is the Venus flytrap?)

snapdragon

Dorowan
    $1000 15
erne (in cleverness)

Triple Stumper
    $1000 14
(Ken: You look like you had a little rush of it there,)
(rowan: Just a bit.)

dopamine

rowan

Scores at the first commercial break (after clue 14):

Nikkee Do rowan
$0 $1,600 $3,200

Scores at the end of the Jeopardy! Round:

Nikkee Do rowan
$0 $2,000 $9,400

Double Jeopardy! Round responses

LAW SLAW
HISTORIC SECONDS
ANIMAL-TITLED MOVIES
D.C.-AREA ATTRACTIONS
SCULPTURE
A STANDING MIDDLE O
(Ken: The letter O is in the exact center of each correct response.)
    $400 29
drugs

rowan
    $400 28
(Do: What is the Inquisition?)

a crusade (Second Crusade)

Dorowan
    $400 30
Pig

rowan
    $400 25
the Smithsonian Institution

rowan
    $400 26
a bull

Do
    $400 27
a cot

Do
    $800 24
the First Amendment

Nikkee
    $800 15
anarchism

Do
    $800 13
Sonic the Hedgehog

rowan
    $800 3
the Pentagon

Do
    $800 18
(Nikkee: What are sheep?)

spiders

Nikkeerowan
    $800 9
endorse

Nikkee
    $1200 7
circuit court

Nikkee
    $1200 6
(Do: What are the Vatican councils?)
(rowan: What is Nicaea?)

the Lateran councils

Dorowan
Triple Stumper
    $1200 23
Reservoir Dogs

rowan
    $1200 1
Lafayette (Square)

rowan
    $1200 16
Brussels

Do
    $1200 8
an epoch

Do
    $10,600 5
Citizens United

rowan
    $1600 4
Bull Run

rowan
    $1600 22
A Fish Called Wanda

Triple Stumper
    $1600 2
(rowan: What's the Library of Congress?)

the Folger

Nikkeerowan
    $1600 11
the Venus de Milo

Nikkee
    $1600 10
(rowan: What is a... unipod?)

a monopod

Dorowan
    $2000 14
exculpatory

Nikkee
    $2,000 19
the Second Punic War

rowan
    $2000 21
Where the Crawdads Sing

Triple Stumper
    $2000 12
(rowan: Who is Wilson?)
...
(Ken: Wilson is buried in D.C., but it's [*] who's also at Arlington.)

Taft

rowan
Triple Stumper
    $2000 17
Calais

rowan
    $2000 20
a bivouac

rowan

Scores at the end of the Double Jeopardy! Round:

Nikkee Do rowan
$7,200 $6,800 $26,800
(lock game)

[wagering suggestions for these scores]

Final Jeopardy! Round responses

CHARITY
(Ken: [To rowan] The coins from [*] go to the poor and homeless of Rome.)
DoWhat is St. Peter's Basilica?
$401
NikkeeWhat is the Red Cross?
$5,401
rowanWhat is the Trevi Fountain?
$10,000
the Trevi Fountain

Final scores:

Nikkee Do rowan
$1,799 $6,399 $36,800
3rd place: $1,000 2nd place: $2,000 Finalist

Game dynamics:

Coryat scores:

Nikkee Do rowan
$8,200 $6,800 $17,800
7 R,
2 W
(including 1 DD)
14 R,
4 W
30 R
(including 2 DDs),
4 W

Combined Coryat: $32,800

[game clues] [game scores] [suggest correction]

Game tape date: 2022-09-15
The J! Archive is created by fans, for fans. Scraping, republication, monetization, and malicious use prohibited; this site may use cookies and collect identifying information. See terms. The Jeopardy! game show and all elements thereof, including but not limited to copyright and trademark thereto, are the property of Jeopardy Productions, Inc. and are protected under law. This website is not affiliated with, sponsored by, or operated by Jeopardy Productions, Inc. Join the discussion at JBoard.tv.